Una historia sin final : (Registro nro. 6750)

Detalles MARC
000 -LEADER
fixed length control field 01381cam a2200265 a 4500
003 - CONTROL NUMBER IDENTIFIER
control field OSt
005 - DATE AND TIME OF LATEST TRANSACTION
control field 20200708132816.0
008 - FIXED-LENGTH DATA ELEMENTS--GENERAL INFORMATION
fixed length control field 990413s1998 ck grb 000 0 spa c
010 ## - LIBRARY OF CONGRESS CONTROL NUMBER
LC control number 99195888
020 ## - INTERNATIONAL STANDARD BOOK NUMBER
International Standard Book Number 9586018148
040 ## - CATALOGING SOURCE
Original cataloging agency ICU
Transcribing agency CO-JMCR
082 04 - DEWEY DECIMAL CLASSIFICATION NUMBER
Classification number 332.09861009045 /
Item number C387h
Edition number 21
100 1# - MAIN ENTRY--PERSONAL NAME
Personal name Ceballos Ramírez, Alfredo.
Relator term autor
9 (RLIN) 6870
245 14 - TITLE STATEMENT
Title Una historia sin final :
Remainder of title otro capítulo del desarrollo económico /
Statement of responsibility, etc. Alfredo Ceballos Ramírez
250 ## - EDITION STATEMENT
Edition statement Priemera edición
260 ## - PUBLICATION, DISTRIBUTION, ETC.
Place of publication, distribution, etc. Bogotá :
Name of publisher, distributor, etc. TM Editores,
Date of publication, distribution, etc. 1998.
300 ## - PHYSICAL DESCRIPTION
Extent xxii, 354 páginas ;
Dimensions 23 cm.
490 1# - SERIES STATEMENT
Series statement Académica :
-- Administración
505 0# - FORMATTED CONTENTS NOTE
Formatted contents note Enfoque, marco conceptual, objetivos y metodología -- La formulación de las políticas -- El nivel institucional -- El compromiso agregado de las exportaciones -- Análisis al nivel de compañías -- Conclusiones -- Los últimos veinticinco años 1970-1995
520 0# - SUMMARY, ETC.
Summary, etc. Este libro investiga las políticas de desarrollo de las exportaciones. Analiza los procesos de exportación de formulación y revisión de las políticas, la actuación de las instituciones encargadas de promoverlas y los factores que influencian las decisiones de los exportadores.
651 10 - SUBJECT ADDED ENTRY--GEOGRAPHIC NAME
Geographic name Colombia
General subdivision Historia económica
9 (RLIN) 6871
651 #0 - SUBJECT ADDED ENTRY--GEOGRAPHIC NAME
Geographic name Colombia
General subdivision Política económica
9 (RLIN) 6872
830 #0 - SERIES ADDED ENTRY--UNIFORM TITLE
Uniform title Académica (Bogotá, Colombia)
9 (RLIN) 6873
942 ## - ADDED ENTRY ELEMENTS (KOHA)
Source of classification or shelving scheme Dewey Decimal Classification
Koha item type Books
Existencias
Withdrawn status Lost status Source of classification or shelving scheme Damaged status Not for loan Home library Current library Shelving location Date acquired Source of acquisition Total Checkouts Full call number Barcode Date last seen Copy number Price effective from Koha item type Public note
    Dewey Decimal Classification     Biblioteca Pública José María del Castillo y Rada Biblioteca Pública José María del Castillo y Rada General Stacks 04/15/2018 Donación   332.09861009045 / C387h 201809933 05/16/2024 Ej.1 07/08/2020 Books Exlibris: con dedicatoria en página guarda.